[Event "Corus A"]
[Site "Wijk aan Zee NED"]
[Date "2005.01.15"]
[Round "1"]
[White "Polgar, Ju"]
[Black "Svidler, P."]
[Result "1-0"]
[WhiteElo "2728"]
[BlackElo "2735"]
[PlyCount "59"]
[EventDate "2005.01.15"]

1. e4 e5 2. Nf3 Nc6 3. Bb5 a6 4. Ba4 Nf6 5. O-O Be7 6. Re1 b5 7. Bb3 O-O 8. c3
d5 9. exd5 Nxd5 10. Nxe5 Nxe5 11. Rxe5 c6 12. g3 Bd6 13. Re1 Qd7 14. d3 Qh3 15.
Re4 Nf6 16. Rh4 Qf5 17. Nd2 Re8 18. Ne4 Nxe4 19. Rxe4 Rxe4 20. dxe4 Qxe4 21.
Bc2 Qe7 22. Bg5 f6 23. Be3 Be6 24. Qf3 Qd7 25. Rd1 Rd8 26. Be4 Bxa2 $2 (26...
Rc8 27. Bc5 Bg4 28. Rxd6 Bxf3 29. Bxh7+ (29. Rxd7 Bxe4) 29... Kxh7 30. Rxd7)
27. Bb6 Bb3 28. Rd4 c5 29. Bxc5 Qe6 30. c4 1-0